Normal view
MARC view
Entry Personal Name
001 - CONTROL NUMBER
- control field: 58228
003 - CONTROL NUMBER IDENTIFIER
- control field: dpl
005 - DATE AND TIME OF LATEST TRANSACTION
- control field: 20231106160735.0
008 - FIXED-LENGTH DATA ELEMENTS
- fixed length control field: 231106|| aca||aabn | a|a d
040 ## - CATALOGING SOURCE
- Original cataloging agency: dpl
- Transcribing agency: dpl
100 ## - HEADING--PERSONAL NAME
- Personal name: लाल , शिव प्रसाद
670 ## - SOURCE DATA FOUND
- Source citation: Work cat.: (dpl)198974: लाल , शिव प्रसाद, संस्कृत भाषा का तथ्यपरक इतिहस तथा प्रमुख प्राचीन लिपिया, 2022
